000 00510cam a2200193ua 4500
020 _a81-87433-54-X
_cRs 210.00
041 _aeng
_h
082 _a620.11
_bRAM/ST
100 _aRamamrutham, S.
245 _aStrength of materials /
_cS Ramamrutham.
_hTextual Documents
250 _a13 /
_b.
260 _aNew Delhi :
_bDhanpat Rai Publishing Co. Pvt. Ltd. ,
_c2001.
300 _a964 ; .
365 _aRs 210.00
504 _a
700 1 _aNarayanan, .
942 _cBK
999 _c296
_d296